Statistics for AFL Premiers, Medalists, M&GOTY By Year

Click here to take the quiz!

General Stats

  • This quiz has been taken 7 times
  • The average score is 66 of 138

Answer Stats

YearHintAnswer% Correct
2022Coleman MedalistCharlie Curnow
100%
2022PremiersGeelong Cats
100%
2011PremiersGeelong Cats
100%
2007PremiersGeelong Cats
100%
2009PremiersGeelong Cats
100%
2022Norm Smith MedalistIsaac Smith
100%
2022Brownlow MedalistPatrick Cripps
100%
2021Norm Smith MedalistChristian Petracca
86%
2017Brownlow MedalistDustin Martin
86%
2020Norm Smith MedalistDustin Martin
86%
2019Norm Smith MedalistDustin Martin
86%
2017Norm Smith MedalistDustin Martin
86%
2021Coleman MedalistHarry McKay
86%
2019Coleman MedalistJeremy Cameron
86%
2018Norm Smith MedalistLuke Shuey
86%
2021PremiersMelbourne Demons
86%
2019Brownlow MedalistNat Fyfe
86%
2015Brownlow MedalistNat Fyfe
86%
2021Brownlow MedalistOllie Wines
86%
2020PremiersRichmond Tigers
86%
2017PremiersRichmond Tigers
86%
2019PremiersRichmond Tigers
86%
2020Coleman MedalistTom Hawkins
86%
2018PremiersWest Coast Eagles
86%
2006PremiersWest Coast Eagles
86%
2010PremiersCollingwood Magpies
71%
2015GOTYEddie Betts
71%
2016GOTYEddie Betts
71%
2006GOTYEddie Betts
71%
2019GOTYEddie Betts
71%
2009Brownlow MedalistGary Ablett Jr
71%
2013Brownlow MedalistGary Ablett Jr
71%
2015Coleman MedalistJosh Kennedy
71%
2016Coleman MedalistJosh Kennedy
71%
2020Brownlow MedalistLachie Neale
71%
2012Brownlow MedalistSam Mitchell, Trent Cotchin
71%
2004Brownlow MedalistChris Judd
57%
2005GOTYChris Judd
57%
2005Norm Smith MedalistChris Judd
57%
2010Brownlow MedalistChris Judd
57%
2015PremiersHawthorn Hawks
57%
2013PremiersHawthorn Hawks
57%
2008PremiersHawthorn Hawks
57%
2014PremiersHawthorn Hawks
57%
2013GOTYLance Franklin
57%
2010GOTYLance Franklin
57%
2008Coleman MedalistLance Franklin
57%
2014Coleman MedalistLance Franklin
57%
2011Coleman MedalistLance Franklin
57%
2017Coleman MedalistLance Franklin
57%
2003Brownlow MedalistMark Ricciuto, Nathan Buckley, Adam Goodes
57%
2022GOTYSam Draper
57%
2012PremiersSydney Swans
57%
2005PremiersSydney Swans
57%
2018Brownlow MedalistTom Mitchell
57%
2016PremiersWestern Bulldogs
57%
2006Brownlow MedalistAdam Goodes
43%
2006Norm Smith MedalistAndrew Embley
43%
2005Brownlow MedalistBen Cousins
43%
2009Coleman MedalistBrendan Fevola
43%
2006Coleman MedalistBrendan Fevola
43%
2003PremiersBrisbane Lions
43%
2001PremiersBrisbane Lions
43%
2002PremiersBrisbane Lions
43%
2011Brownlow MedalistDane Swan
43%
2000PremiersEssedon Bombers
43%
2018Coleman MedalistJack Riewoldt
43%
2012Coleman MedalistJack Riewoldt
43%
2010Coleman MedalistJack Riewoldt
43%
2016Norm Smith MedalistJason Johannisen
43%
2003Coleman MedalistMatthew Lloyd
43%
2008MOTYMatthew Lloyd
43%
2007GOTYMatthew Lloyd
43%
2001Coleman MedalistMatthew Lloyd
43%
2000Coleman MedalistMatthew Lloyd
43%
2014Brownlow MedalistMatt Pridis
43%
2022MOTYMitch Georgiades
43%
2002Norm Smith MedalistNathan Buckley
43%
2016Brownlow MedalistPatrick Dangerfield
43%
2020MOTYSam Walsh
43%
2021MOTYShai Bolton
43%
2008Brownlow MedalistAdam Cooney
29%
2006MOTYBrad Ottens
29%
2013Norm Smith MedalistBrian Lake
29%
2021GOTYCaleb Serong
29%
2012GOTYChris Yarran
29%
2009GOTYCyril Rioli
29%
2015Norm Smith MedalistCyril Rioli
29%
2017GOTYDaniel Rioli
29%
2002Coleman MedalistDavid Neitz
29%
2005Coleman MedalistFraser Gehrig
29%
2004Coleman MedalistFraser Gehrig
29%
2018GOTYJack Higgins
29%
2000Norm Smith MedalistJames Hird
29%
2013Coleman MedalistJarryd Roughead
29%
2002GOTYJason Akermanis
29%
2001Brownlow MedalistJason Akermanis
29%
2012MOTYJeremy Howe
29%
2007Brownlow MedalistJimmy Bartel
29%
2011Norm Smith MedalistJimmy Bartel
29%
2007Coleman MedalistJonanthan Brown
29%
2002MOTYJonathan Brown
29%
2020GOTYJosh Daicos
29%
2008GOTYLeon Davis
29%
2010MOTYLiam Jurrah
29%
2019MOTYLiam Ryan
29%
2014Norm Smith MedalistLuke Hodge
29%
2008Norm Smith MedalistLuke Hodge
29%
2007MOTYMicheal Newton
29%
2015MOTYNic Naitanui
29%
2009Norm Smith MedalistPaul Chapman
29%
2004PremiersPort Adelaide Power
29%
2012Norm Smith MedalistRyan O'Keefe
29%
2010Norm Smith MedalistScott Pendlebury
29%
2000Brownlow MedalistShane Woewodin
29%
2001Norm Smith MedalistShaun Hart
29%
2002Brownlow MedalistSimon Black
29%
2003Norm Smith MedalistSimon Black
29%
2007Norm Smith MedalistSteve Johnson
29%
2000MOTYTony Modra
29%
2011MOTYAndrew Krakouer
14%
2004MOTYAshley Sampi
14%
2009MOTYBrett Burton
14%
2004Norm Smith MedalistByron Pickett
14%
2014MOTYChad Wingard
14%
2003MOTYChris Tarrant
14%
2003GOTYDaniel Kerr
14%
2004GOTYDaniel Wells
14%
2001MOTYGary Moorcroft
14%
2011GOTYHayden Ballantyne
14%
2018MOTYIsaac Heeney
14%
2013MOTYJamie Elliot
14%
2017MOTYJoe Daniher
14%
2000GOTYKingsley Hunter
14%
2005MOTYLuke McPharlin
14%
2016MOTYMajak Daw
14%
2001GOTYMark Merenda
14%
2014GOTYMatt White
14%

Score Distribution

Percentile by Number Answered

Percent of People with Each Score

Your Score History

You have not taken this quiz